| 000 | 00463cem a2200169 4500 | ||
|---|---|---|---|
| 020 | _a1561342297 | ||
| 040 | _cDLC | ||
| 082 | 0 | 0 | _a327 DUS 1994 A074 Or. |
| 100 | 1 | _aAllen, John Logan, | |
| 245 | 1 | 0 | _aDPG student atlas of world politics / |
| 260 |
_aGuilford, CT : _bDushkin Publishing Group, _cc1994. |
||
| 300 |
_a1 atlas (98 p.) : _bcol. maps ; _c21 cm. |
||
| 650 | 0 | _aWorld politics | |
| 650 | 0 | _aGeopolitics | |
| 650 | 0 | _aMilitary geography | |
| 942 | _cEK | ||
| 999 |
_c15169 _d15169 |
||